[Event "Rio de Janeiro op 3rd"]
[Site "Rio de Janeiro"]
[Date "2024.04.23"]
[Round "3"]
[White "De Moura Silva, Guilherme"]
[Black "Rodrigues, Nei Jorge"]
[Result "1-0"]
[WhiteElo "1776"]
[BlackElo "1906"]
[PlyCount "84"]
[EventDate "2024.04.22"]
[EventType "swiss"]
[EventRounds "9"]
[EventCountry "BRA"]
[SourceTitle "CB18_2024"]
[SourceDate "2024.05.01"]
[SourceVersion "1"]
[SourceVersionDate "2024.05.01"]
[SourceQuality "2"]

1. d4 Nf6 2. Nc3 d5 3. Bf4 c6 4. f3 Bf5 5. g4 Bg6 6. h4 h5 7. g5 Nfd7 8. e4 e6 9. e5 Qb6 10. Rb1 c5 11. Bd3 Bxd3 12. Qxd3 cxd4 13. Nce2 Nc6 14. g6 f6 15. exf6 Nxf6 16. Bg5 Nb4 17. Qb3 Rc8 18. Rc1 Bd6 19. Bxf6 gxf6 20. a3 d3 21. axb4 dxe2 22. Nxe2 Qxb4+ 23. Qxb4 Bxb4+ 24. c3 Bd6 25. Nd4 Kd7 26. Rc2 Rhg8 27. Rg1 Rg7 28. Re2 Be5 29. Nxe6 Kxe6 30. f4 Rc4 31. fxe5 fxe5 32. Rg5 Re4 33. Rxe4 dxe4 34. Ke2 b5 35. Ke3 Kd5 36. b3 a5 37. c4+ bxc4 38. bxc4+ Kxc4 39. Kxe4 a4 40. Kxe5 a3 41. Kf6 Ra7 42. g7 a2 1-0

[Event "Rio de Janeiro op 3rd"]
[Site "Rio de Janeiro"]
[Date "2024.04.22"]
[Round "1"]
[White "Rodrigues, Nei Jorge"]
[Black "Vieira, Victor Cardoso Thie"]
[Result "1/2-1/2"]
[WhiteElo "1906"]
[BlackElo "1774"]
[PlyCount "111"]
[EventDate "2024.04.22"]
[EventType "swiss"]
[EventRounds "9"]
[EventCountry "BRA"]
[SourceTitle "CB18_2024"]
[SourceDate "2024.05.01"]
[SourceVersion "1"]
[SourceVersionDate "2024.05.01"]
[SourceQuality "2"]

1. Nf3 c5 2. g3 Nf6 3. Bg2 d5 4. 0-0 e6 5. d4 Nc6 6. c4 Be7 7. dxc5 Bxc5 8. Bg5 h6 9. cxd5 Qxd5 10. Bxf6 Qxd1 11. Rxd1 gxf6 12. Nc3 Ke7 13. Rac1 Bb6 14. Na4 Ba5 15. a3 Rd8 16. Rxd8 Bxd8 17. Nc5 Rb8 18. b4 e5 19. Rc4 Kf8 20. e3 a5 21. b5 Ne7 22. Nd2 Nf5 23. a4 Nd6 24. Rc3 Be7 25. Nde4 Kg7 26. Kf1 Bf5 27. Nxd6 Bxd6 28. Nxb7 Bb4 29. Rc7 Bd3+ 30. Kg1 e4 31. Bh3 Kg6 32. Bd7 h5 33. h3 Be2 34. Bc6 f5 35. Rd7 Kf6 36. Kh2 Bf3 37. b6 h4 38. Rd8 hxg3+ 39. fxg3 Rxd8 40. Nxd8 Ke7 41. Nb7 Be2 42. Kg2 Ba6 43. g4 fxg4 44. hxg4 Bxb7 45. Bxb7 Bc5 46. Kf2 Bxb6 47. Bxe4 f6 48. Kf3 Bc7 49. Bf5 Be5 50. Ke4 Kd6 51. Bc8 Bc3 52. Bf5 Be5 53. Bh7 Bc3 54. Bg8 Be5 55. Kf5 Bc3 56. Bb3 1/2-1/2

[Event "Florianopolis op 10th"]
[Site "Florianopolis"]
[Date "2024.01.22"]
[Round "4"]
[White "Rodrigues, Nei Jorge"]
[Black "De Carvalho, Jose Jorge"]
[Result "1/2-1/2"]
[WhiteElo "1822"]
[BlackElo "2119"]
[PlyCount "158"]
[EventDate "2024.01.20"]
[EventType "swiss"]
[EventRounds "10"]
[EventCountry "BRA"]
[SourceTitle "CB05_2024"]
[SourceDate "2024.01.31"]
[SourceVersion "1"]
[SourceVersionDate "2024.01.31"]
[SourceQuality "1"]

1. Nf3 Nf6 2. g3 b6 3. Bg2 Bb7 4. 0-0 c5 5. c4 e6 6. Nc3 Be7 7. d3 d5 8. cxd5 Nxd5 9. Qa4+ Bc6 10. Qb3 Nd7 11. e4 Nxc3 12. Qxc3 0-0 13. Bf4 Qc8 14. Rac1 Qb7 15. h4 Rac8 16. b3 Rfd8 17. Rfd1 f6 18. h5 e5 19. Be3 Nf8 20. Qc4+ Kh8 21. h6 gxh6 22. Bxh6 Be8 23. Bh3 b5 24. Qc3 Bh5 25. Nxe5 Bxd1 26. Nf7+ Kg8 27. Nxd8 Rxd8 28. Rxd1 Ng6 29. Be6+ Kh8 30. a4 Qb6 31. Bd5 a6 32. axb5 axb5 33. Ra1 b4 34. Qb2 Ne5 35. Qe2 f5 36. Bf4 Bf6 37. Rd1 Ng4 38. Kg2 Bd4 39. Bc4 Re8 40. Rh1 Qg6 41. f3 Nf6 42. Rh6 Qg7 43. Qd2 Ra8 44. e5 Ng8 45. Rh1 Bxe5 46. Bxe5 Qxe5 47. Re1 Qd4 48. Qe3 Ra2+ 49. Kh3 Qxe3 50. Rxe3 Nh6 51. Re6 Kg7 52. Kh4 Nf7 53. g4 Ra7 54. gxf5 Rc7 55. Kh5 Nd8 56. Re8 Nc6 57. Kg5 h6+ 58. Kh5 Nd4 59. f4 Nxf5 60. Rg8+ Kh7 61. Rf8 Ne3 62. Rf6 Nxc4 63. Rxh6+ Kg7 64. dxc4 Rf7 65. Rg6+ Kh7 66. Kg5 Rd7 67. Rc6 Rd3 68. Rxc5 Rxb3 69. Rb5 Kg7 70. Rb7+ Kf8 71. Kf6 Ke8 72. f5 Rb1 73. Rb8+ Kd7 74. Kf7 b3 75. f6 Kc6 76. Rb5 b2 77. Kf8 Rf1 78. Rxb2 Rxf6+ 79. Ke7 Rf4 1/2-1/2

[Event "Florianopolis op 10th"]
[Site "Florianopolis"]
[Date "2024.01.21"]
[Round "2"]
[White "Rodrigues, Nei Jorge"]
[Black "Jordao Barbosa, Marcio Ferre"]
[Result "0-1"]
[WhiteElo "1822"]
[BlackElo "2146"]
[PlyCount "114"]
[EventDate "2024.01.20"]
[EventType "swiss"]
[EventRounds "10"]
[EventCountry "BRA"]
[SourceTitle "CB05_2024"]
[SourceDate "2024.01.31"]
[SourceVersion "1"]
[SourceVersionDate "2024.01.31"]
[SourceQuality "1"]

1. Nf3 c5 2. g3 Nc6 3. Bg2 e5 4. d3 g6 5. c4 Bg7 6. Nc3 Nge7 7. 0-0 0-0 8. a3 d6 9. Rb1 a5 10. Bg5 Be6 11. Ne1 h6 12. Bd2 Kh7 13. Nc2 d5 14. cxd5 Nxd5 15. Ne4 Qe7 16. Ne3 Rfd8 17. Rc1 b6 18. Nc4 Rac8 19. Re1 Nd4 20. Nc3 Rb8 21. e3 Nc6 22. Nb5 Na7 23. Nxa7 Qxa7 24. Qe2 Qd7 25. Rf1 h5 26. b3 Qb5 27. Rb1 Rd7 28. Be1 Rbd8 29. Bf3 Kg8 30. Qc2 Bg4 31. Qe2 Bxf3 32. Qxf3 Qc6 33. Rc1 Qe6 34. e4 Nc7 35. Bc3 f6 36. Qe2 h4 37. b4 cxb4 38. axb4 a4 39. Bb2 Bf8 40. Qe3 b5 41. Na5 Ne8 42. Nc6 Rc8 43. Na7 Rxc1 44. Rxc1 Qb3 45. Bc3 Nd6 46. f4 Bh6 47. Qc5 h3 48. Nc6 Qa2 49. Qf2 Qxf2+ 50. Kxf2 exf4 51. Rc2 Kf7 52. Nd4 Rc7 53. g4 Bg7 54. Bb2 Rxc2+ 55. Nxc2 g5 56. Bc3 Bf8 57. Na3 Ke6 0-1

[Event "Florianopolis op 9th"]
[Site "Florianopolis"]
[Date "2023.01.28"]
[Round "8"]
[White "Messias, Jose Vitor Lamosa P"]
[Black "Rodrigues, Nei Jorge"]
[Result "0-1"]
[WhiteElo "1661"]
[BlackElo "1845"]
[PlyCount "100"]
[EventDate "2023.01.23"]
[EventType "swiss"]
[EventRounds "10"]
[EventCountry "BRA"]
[SourceTitle "CBM 212 Extra"]
[Source "ChessBase"]
[SourceDate "2023.03.31"]
[SourceVersion "1"]
[SourceVersionDate "2023.03.31"]
[SourceQuality "1"]

1. e4 c5 2. Nf3 g6 3. d4 cxd4 4. Nxd4 Bg7 5. Nc3 Nc6 6. Be3 Nf6 7. f3 0-0 8. Qd2 d5 9. Nxc6 bxc6 10. 0-0-0 Be6 11. e5 Nd7 12. Bh6 Nxe5 13. Bxg7 Kxg7 14. Qd4 f6 15. f4 Nd7 16. Qe3 Bf7 17. h4 e5 18. h5 d4 19. Qh3 f5 20. hxg6 Bxg6 21. Qh6+ Kf7 22. Bc4+ Ke8 23. Rxd4 Qf6 24. fxe5 Qxe5 25. Rhd1 Nc5 26. b4 Ne4 27. Nxe4 fxe4 28. Kb1 Qe7 29. Rd6 Rf6 30. Qd2 Rxd6 31. Qxd6 Rc8 32. Qxe7+ Kxe7 33. Ba6 Rb8 34. a3 Rb6 35. Bc8 a5 36. c3 Rb8 37. Ba6 axb4 38. axb4 Ke6 39. Bc4+ Ke5 40. Kc1 e3 41. Re1 Ke4 42. Kb2 Rd8 43. Kc1 Bh5 44. Be2 Bxe2 45. Rxe2 Kd3 46. Re1 Re8 47. Kb2 Kd2 48. Rc1 e2 49. Rc2+ Ke1 50. c4 Kf1 0-1

[Event "Florianopolis op 9th"]
[Site "Florianopolis"]
[Date "2023.01.24"]
[Round "2"]
[White "Caetano, Hugo Zanotti Mendon"]
[Black "Rodrigues, Nei Jorge"]
[Result "1/2-1/2"]
[WhiteElo "2166"]
[BlackElo "1845"]
[PlyCount "83"]
[EventDate "2023.01.23"]
[EventType "swiss"]
[EventRounds "10"]
[EventCountry "BRA"]
[SourceTitle "CBM 212 Extra"]
[Source "ChessBase"]
[SourceDate "2023.03.31"]
[SourceVersion "1"]
[SourceVersionDate "2023.03.31"]
[SourceQuality "1"]

1. d4 Nf6 2. c4 e6 3. Nf3 b6 4. a3 Bb7 5. Nc3 d5 6. cxd5 exd5 7. Bg5 Be7 8. e3 0-0 9. Bd3 Nbd7 10. 0-0 c5 11. Re1 Ne4 12. Bxe7 Qxe7 13. Qc2 Ndf6 14. dxc5 Nxc5 15. Nd4 g6 16. Qe2 Rac8 17. Rac1 Nfe4 18. Bb1 Rfd8 19. f3 Nxc3 20. Rxc3 Ne6 21. Rxc8 Rxc8 22. Qd2 Qc5 23. Kf2 Ba6 24. Rd1 Qd6 25. h3 Qe5 26. a4 Bb7 27. a5 Qf6 28. axb6 axb6 29. Kg1 Nxd4 30. Qxd4 Qxd4 31. exd4 Kf8 32. Kf2 Ke7 33. h4 h5 34. Rd2 Rc1 35. Ba2 Kd6 36. Bb3 Rh1 37. Kg3 Rb1 38. Kf4 Bc8 39. Rc2 Be6 40. Ba4 Ra1 41. Bb3 Rb1 42. Kg5 1/2-1/2

[Event "Niteroi op 2nd"]
[Site "Niteroi"]
[Date "2022.09.05"]
[Round "7"]
[White "De Oliveira, Francemir Barra"]
[Black "Rodrigues, Nei Jorge"]
[Result "0-1"]
[WhiteElo "1599"]
[BlackElo "1872"]
[PlyCount "68"]
[EventDate "2022.09.01"]
[EventType "swiss"]
[EventRounds "9"]
[EventCountry "BRA"]
[SourceTitle "CBM 210 Extra"]
[Source "ChessBase"]
[SourceDate "2022.11.30"]
[SourceVersion "1"]
[SourceVersionDate "2022.11.30"]
[SourceQuality "1"]

1. e4 c5 2. Nf3 d6 3. d4 cxd4 4. Nxd4 Nf6 5. Nc3 a6 6. a3 e6 7. Bg5 Be7 8. Be2 0-0 9. Qd2 Qc7 10. Rd1 Nbd7 11. 0-0 b5 12. f4 Bb7 13. Bf3 Rac8 14. Rfe1 Rfd8 15. Kh1 h6 16. Bxf6 Nxf6 17. g4 Nh7 18. Qg2 Qc5 19. Rg1 Bf6 20. Nb3 Qe3 21. Qg3 Bh4 22. Qg2 Qxf4 23. Rd2 Ng5 24. Rf1 Qe5 25. Re2 Rc7 26. Nc1 Rxc3 27. bxc3 Qxc3 28. Nd3 Qxa3 29. Nf4 a5 30. Nh3 b4 31. Nf4 Ba6 32. Ref2 Bxf2 33. Rxf2 Qc1+ 34. Qg1 Qxf4 0-1

[Event "Niteroi op 2nd"]
[Site "Niteroi"]
[Date "2022.09.04"]
[Round "6"]
[White "Rodrigues, Nei Jorge"]
[Black "Veiga Da Silva, Paulo Roberto Costa"]
[Result "0-1"]
[WhiteElo "1872"]
[BlackElo "1800"]
[PlyCount "84"]
[EventDate "2022.09.01"]
[EventType "swiss"]
[EventRounds "9"]
[EventCountry "BRA"]
[SourceTitle "CBM 210 Extra"]
[Source "ChessBase"]
[SourceDate "2022.11.30"]
[SourceVersion "1"]
[SourceVersionDate "2022.11.30"]
[SourceQuality "1"]

1. d4 d5 2. c4 c6 3. Nf3 Nf6 4. Bf4 a6 5. cxd5 cxd5 6. e3 Nc6 7. Nc3 Bg4 8. h3 Bxf3 9. Qxf3 e6 10. Bd3 Bd6 11. Bg5 Be7 12. 0-0 0-0 13. Rac1 Rc8 14. Rfd1 b5 15. Qe2 h6 16. Bh4 Ne8 17. Bg3 Bd6 18. f4 f5 19. Be1 Be7 20. Nb1 Nd6 21. a4 Qb6 22. axb5 Nxb5 23. Nc3 Nbxd4 24. exd4 Nxd4 25. Qf1 Ne2+ 26. Kh1 Nxc1 27. Rxc1 d4 28. Na4 Qb3 29. Ra1 Rc6 30. Qe2 Rfc8 31. Bd2 Bb4 32. Kh2 Bxd2 33. Qxd2 a5 34. Ra3 Qb4 35. Qe2 Qd6 36. g3 Rc1 37. Qg2 Re1 38. Rb3 Rcc1 39. Rb6 Qc7 40. b3 Rh1+ 41. Qxh1 Rxh1+ 42. Kxh1 Qc1+ 0-1

[Event "Niteroi op 2nd"]
[Site "Niteroi"]
[Date "2022.09.03"]
[Round "4"]
[White "Rodrigues, Nei Jorge"]
[Black "Dias, Simao Poscidonio"]
[Result "0-1"]
[WhiteElo "1872"]
[BlackElo "2060"]
[PlyCount "90"]
[EventDate "2022.09.01"]
[EventType "swiss"]
[EventRounds "9"]
[EventCountry "BRA"]
[SourceTitle "CBM 210 Extra"]
[Source "ChessBase"]
[SourceDate "2022.11.30"]
[SourceVersion "1"]
[SourceVersionDate "2022.11.30"]
[SourceQuality "1"]

1. d4 d5 2. c4 e6 3. Nc3 Be7 4. Nf3 Nf6 5. Bg5 h6 6. Bh4 0-0 7. e3 b6 8. cxd5 exd5 9. Rc1 Be6 10. Bd3 Nbd7 11. 0-0 c5 12. h3 a6 13. dxc5 Nxc5 14. Bb1 Rc8 15. Nd4 Qd7 16. Qe2 Qb7 17. f3 Rfe8 18. Rfd1 b5 19. Qd2 b4 20. Nce2 Qb6 21. g4 Nh7 22. Bxe7 Rxe7 23. Nf4 Rec7 24. h4 Nf8 25. g5 hxg5 26. hxg5 Qd6 27. Qh2 Qe5 28. Re1 Qxg5+ 29. Kf2 Ne4+ 30. Bxe4 Rxc1 31. Rxc1 Rxc1 32. Bc2 g6 33. Nfe2 Ra1 34. Nb3 Rxa2 35. Ned4 a5 36. Qh1 a4 37. f4 Qh5 38. Qxh5 gxh5 39. Nc5 b3 40. Bd3 Rxb2+ 41. Kg3 Bd7 42. f5 Rd2 43. Bb1 Rd1 44. Bd3 b2 45. Bc2 Rc1 0-1

[Event "Rio de Janeiro Estadual Cup"]
[Site "Rio de Janeiro"]
[Date "2022.07.23"]
[Round "1"]
[White "Santos Filho, Tadeu Souza"]
[Black "Rodrigues, Nei Jorge"]
[Result "1/2-1/2"]
[WhiteElo "2015"]
[BlackElo "1850"]
[PlyCount "91"]
[EventDate "2022.07.23"]
[EventType "swiss"]
[EventRounds "6"]
[EventCountry "BRA"]
[SourceTitle "EXT 2023"]
[Source "ChessBase"]
[SourceDate "2022.10.05"]
[SourceVersion "1"]
[SourceVersionDate "2022.10.05"]
[SourceQuality "1"]

1. e4 g6 2. d4 Bg7 3. Nc3 a6 4. a4 c5 5. d5 d6 6. Be2 Nf6 7. h3 0-0 8. Nf3 b6 9. 0-0 Qc7 10. Nd2 e6 11. Nc4 exd5 12. exd5 Nbd7 13. Bf4 Ne8 14. Qd2 Ne5 15. Rfe1 Bb7 16. Bf1 Nxc4 17. Bxc4 Nf6 18. Bh6 Rfe8 19. Bxg7 Kxg7 20. Qd3 Qd7 21. Kf1 h6 22. Rab1 Re7 23. Rxe7 Qxe7 24. Re1 Qd7 25. Re3 Ra7 26. Qe2 Bc8 27. Kg1 Qd8 28. g4 Qd7 29. Kg2 Qd8 30. Kg3 Qd7 31. f3 h5 32. Kh4 hxg4 33. hxg4 Nh5 34. Re8 Nf4 35. Qe4 f5 36. gxf5 gxf5 37. Qxf4 Qxe8 38. Qxd6 Qe7+ 39. Qxe7+ Rxe7 40. Kg5 Re1 41. d6 Rg1+ 42. Kf4 Rh1 43. Ke5 Re1+ 44. Kf4 Rh1 45. Ke5 Re1+ 46. Kf4 1/2-1/2

[Event "BRA-ch U2000 Amateurs"]
[Site "Sao Paulo"]
[Date "2022.06.16"]
[Round "2"]
[White "Fernandes, Joao Manoel Strauss"]
[Black "Rodrigues, Nei Jorge"]
[Result "0-1"]
[WhiteElo "1642"]
[BlackElo "1874"]
[PlyCount "84"]
[EventDate "2022.06.16"]
[EventType "swiss"]
[EventRounds "7"]
[EventCountry "BRA"]
[SourceTitle "CBM 208 Extra"]
[Source "ChessBase"]
[SourceDate "2022.07.31"]
[SourceVersion "1"]
[SourceVersionDate "2022.07.31"]
[SourceQuality "1"]

1. e4 g6 2. d4 Bg7 3. Nc3 a6 4. Be3 d6 5. Qd2 Nd7 6. 0-0-0 b5 7. h4 h5 8. f4 Bb7 9. Bd3 Nh6 10. Nf3 Qc8 11. e5 Nb6 12. Ng5 Nf5 13. Bf2 d5 14. Rhe1 e6 15. Ne2 Qd7 16. Kb1 Nc4 17. Qc3 Bf8 18. Bxf5 gxf5 19. Ng3 a5 20. Qf3 Qe7 21. Nxh5 Qb4 22. Nf6+ Ke7 23. Qc3 Qxc3 24. bxc3 Bg7 25. Nf3 Bxf6 26. exf6+ Kxf6 27. Ne5 Nd6 28. Nd7+ Ke7 29. Nc5 Bc6 30. Rg1 b4 31. cxb4 Rhb8 32. Rd3 Rxb4+ 33. Rb3 Nb5 34. Kb2 Rc4 35. Rd1 a4 36. Rbd3 a3+ 37. Kb1 Nc3+ 38. Rxc3 Rxc3 39. Rd3 Rxd3 40. Nxd3 Rb8+ 41. Kc1 Bb5 42. Ne5 f6 0-1

[Event "Rio de Janeiro op"]
[Site "Rio de Janeiro"]
[Date "2022.04.24"]
[Round "6"]
[White "Nobre, Jailson Altair Barb"]
[Black "Rodrigues, Nei Jorge"]
[Result "0-1"]
[WhiteElo "1607"]
[BlackElo "1834"]
[PlyCount "76"]
[EventDate "2022.04.21"]
[EventType "swiss"]
[EventRounds "6"]
[EventCountry "BRA"]
[SourceTitle "EXT 2023"]
[Source "ChessBase"]
[SourceDate "2022.10.05"]
[SourceVersion "1"]
[SourceVersionDate "2022.10.05"]
[SourceQuality "1"]

1. Nf3 d5 2. c4 Nf6 3. g3 c6 4. b3 g6 5. Bb2 Bg7 6. Bg2 0-0 7. 0-0 Bg4 8. d3 dxc4 9. bxc4 Qc8 10. Re1 Bh3 11. Bh1 h6 12. Nbd2 c5 13. Qb3 Nc6 14. Bc3 Qc7 15. Rab1 Rab8 16. Qb2 Ne8 17. Bxg7 Nxg7 18. Ne4 Ne6 19. Qd2 Kh7 20. Nc3 b6 21. Nd5 Qd6 22. Qb2 f6 23. Nd2 Qd7 24. f4 Ng7 25. Ne4 Ne8 26. Nf2 Be6 27. Qd2 Bf7 28. e4 e6 29. Ne3 Nd4 30. Neg4 Rh8 31. f5 g5 32. e5 exf5 33. Nxf6+ Nxf6 34. exf6 Rbe8 35. Nh3 Kg6 36. Nf4+ gxf4 37. Qxf4 Ne2+ 38. Rxe2 Rxe2 0-1

[Event "Rio de Janeiro op"]
[Site "Rio de Janeiro"]
[Date "2022.04.22"]
[Round "3"]
[White "Rodrigues, Nei Jorge"]
[Black "De Lima Jr, Nelson Luiz"]
[Result "1-0"]
[WhiteElo "1834"]
[BlackElo "1800"]
[PlyCount "23"]
[EventDate "2022.04.21"]
[EventType "swiss"]
[EventRounds "6"]
[EventCountry "BRA"]
[SourceTitle "CBM 207 Extra"]
[Source "ChessBase"]
[SourceDate "2022.05.31"]
[SourceVersion "1"]
[SourceVersionDate "2022.05.31"]
[SourceQuality "1"]

1. Nf3 f6 2. e4 d6 3. d4 e5 4. Bb5+ c6 5. Bd3 Ne7 6. 0-0 Na6 7. h3 d5 8. dxe5 fxe5 9. Nxe5 d4 10. Bc4 Nd5 11. exd5 Qf6 12. dxc6 1-0

[Event "Cinelandia Cortinhas Memorial 4th"]
[Site "Rio de Janeiro"]
[Date "2022.03.13"]
[Round "3"]
[White "Dias, Matheus Braga"]
[Black "Rodrigues, Nei Jorge"]
[Result "0-1"]
[WhiteElo "1781"]
[BlackElo "1834"]
[PlyCount "160"]
[EventDate "2022.03.12"]
[EventType "swiss"]
[EventRounds "6"]
[EventCountry "BRA"]
[SourceTitle "CBM 207 Extra"]
[Source "ChessBase"]
[SourceDate "2022.05.31"]
[SourceVersion "1"]
[SourceVersionDate "2022.05.31"]
[SourceQuality "1"]

1. e4 d5 2. exd5 Qxd5 3. Nc3 Qd8 4. Bc4 Nf6 5. Nf3 e6 6. d4 Be7 7. 0-0 0-0 8. Ne5 c5 9. Be3 cxd4 10. Qxd4 a6 11. a4 Qc7 12. f4 Nbd7 13. Nxd7 Bxd7 14. Be2 Rac8 15. Qb6 Qb8 16. Kh1 Bc6 17. Bf3 Bd6 18. Qb3 e5 19. Bxc6 Rxc6 20. fxe5 Bxe5 21. Nd5 Nxd5 22. Qxd5 Qc7 23. c3 Bxh2 24. Rf3 Qe5 25. Qd7 Bg3 26. Raf1 Qh5+ 27. Qh3 Qxh3+ 28. gxh3 Be5 29. Rd1 Re8 30. Rd7 Rc7 31. Rfxf7 Rxd7 32. Rxd7 Bxc3 33. bxc3 Rxe3 34. Rxb7 Rxh3+ 35. Kg2 Rxc3 36. Rb6 Ra3 37. Rxa6 h6 38. Ra8+ Kh7 39. a5 g5 40. a6 Kg6 41. a7 Kh5 42. Kh2 Kg4 43. Rh8 Rxa7 44. Rxh6 Ra2+ 45. Kg1 Kg3 46. Kf1 Ra1+ 47. Ke2 g4 48. Rg6 Kh3 49. Rh6+ Kg2 50. Rh4 g3 51. Rh8 Ra7 52. Re8 Rh7 53. Rg8 Re7+ 54. Kd2 Re5 55. Rg7 Kf3 56. Rf7+ Kg4 57. Rg7+ Kf3 58. Rf7+ Kg2 59. Rg7 Kh2 60. Rh7+ Kg1 61. Rg7 g2 62. Rg8 Re4 63. Kd3 Rh4 64. Ke2 Kh2 65. Kf2 Rf4+ 66. Ke3 Rf5 67. Rh8+ Kg3 68. Rg8+ Kh4 69. Rh8+ Kg4 70. Rg8+ Kh3 71. Rh8+ Kg3 72. Rg8+ Kh2 73. Rh8+ Kg1 74. Ke2 Re5+ 75. Kd2 Re4 76. Kd3 Rf4 77. Ke3 Rf2 78. Ra8 Rb2 79. Rf8 Rb3+ 80. Ke2 Kh2 0-1

[Event "Cinelandia Cortinhas Memorial 4th"]
[Site "Rio de Janeiro"]
[Date "2022.03.12"]
[Round "1"]
[White "Rabello, Lorenzzo Urubatan B"]
[Black "Rodrigues, Nei Jorge"]
[Result "0-1"]
[WhiteElo "1750"]
[BlackElo "1834"]
[PlyCount "50"]
[EventDate "2022.03.12"]
[EventType "swiss"]
[EventRounds "6"]
[EventCountry "BRA"]
[SourceTitle "CBM 207 Extra"]
[Source "ChessBase"]
[SourceDate "2022.05.31"]
[SourceVersion "1"]
[SourceVersionDate "2022.05.31"]
[SourceQuality "1"]

1. e4 g6 2. Nf3 Bg7 3. Bc4 d6 4. d4 c6 5. 0-0 Nf6 6. h3 0-0 7. Nc3 b5 8. Bb3 b4 9. Ne2 Nxe4 10. Qd3 d5 11. Qd1 a5 12. a3 a4 13. axb4 Qb6 14. Bxa4 Qxb4 15. c3 Qb6 16. b4 Nd7 17. Nd2 Nd6 18. Re1 Ba6 19. Bb2 e5 20. dxe5 Nxe5 21. Nd4 Nd3 22. Bxc6 Bxd4 23. Bxa8 Bxf2+ 24. Kh1 Bxe1 25. Bxd5 Nf2+ 0-1

[Event "Sao Jose dos Campos op"]
[Site "Sao Jose dos Campos"]
[Date "2021.10.11"]
[Round "4"]
[White "Rodrigues, Nei Jorge"]
[Black "Haraguchi, Matheus Sashaki"]
[Result "1/2-1/2"]
[WhiteElo "1865"]
[BlackElo "1671"]
[PlyCount "142"]
[EventDate "2021.10.09"]
[EventType "swiss"]
[EventRounds "7"]
[EventCountry "BRA"]
[SourceTitle "CBM 204 Extra"]
[Source "ChessBase"]
[SourceDate "2021.11.30"]
[SourceVersion "1"]
[SourceVersionDate "2021.11.30"]
[SourceQuality "1"]

1. d4 d5 2. Nf3 Nf6 3. c4 e6 4. Nc3 Be7 5. g3 0-0 6. Bg2 b6 7. 0-0 Bb7 8. cxd5 exd5 9. Bf4 Bd6 10. Ne5 c6 11. Rc1 Na6 12. a3 Re8 13. Bf3 Nc7 14. g4 Ne6 15. Bg3 Nxd4 16. Qxd4 c5 17. Nxf7 Kxf7 18. Qd3 Bxg3 19. hxg3 Re5 20. Kg2 h6 21. b4 Qe7 22. bxc5 bxc5 23. Na4 Rc8 24. Rfd1 Rc7 25. Nc3 d4 26. Qc4+ Qe6 27. Rxd4 Qxc4 28. Rxc4 Bxf3+ 29. Kxf3 Nd7 30. a4 Nf6 31. Nb5 Rce7 32. e3 a6 33. Nd6+ Ke6 34. Ne4 Nxe4 35. Rxe4 Kd5 36. Rd1+ Kc6 37. Rxe5 Rxe5 38. Kf4 Re6 39. e4 Rf6+ 40. Ke3 c4 41. e5 Rf8 42. Rd6+ Kc5 43. Rxa6 Kb4 44. Rc6 c3 45. f4 Re8 46. Ke4 Ra8 47. e6 Kb3 48. e7 Re8 49. Rc7 c2 50. Kf5 Rxe7 51. Rxe7 c1Q 52. Rxg7 Qg1 53. Kg6 Qxg3 54. Kf5 Qd3+ 55. Kf6 Qd4+ 56. Kg6 Qxf4 57. Kh5 Kxa4 58. Rg6 Qf7 59. Kxh6 Qf8+ 60. Kh7 Qe7+ 61. Kh6 Qh4+ 62. Kg7 Qe7+ 63. Kh8 Qf8+ 64. Kh7 Qe7+ 65. Rg7 Qe8 66. Kh6 Qh8+ 67. Kg6 Qe8+ 68. Kg5 Qe5+ 69. Kh6 Qf6+ 70. Rg6 Qh4+ 71. Kg7 Qe7+ 1/2-1/2

[Event "Sao Jose dos Campos op"]
[Site "Sao Jose dos Campos"]
[Date "2021.10.10"]
[Round "3"]
[White "Lima, Stefan Moisei Vieir"]
[Black "Rodrigues, Nei Jorge"]
[Result "1/2-1/2"]
[WhiteElo "1605"]
[BlackElo "1865"]
[PlyCount "92"]
[EventDate "2021.10.09"]
[EventType "swiss"]
[EventRounds "7"]
[EventCountry "BRA"]
[SourceTitle "CBM 204 Extra"]
[Source "ChessBase"]
[SourceDate "2021.11.30"]
[SourceVersion "1"]
[SourceVersionDate "2021.11.30"]
[SourceQuality "1"]

1. e4 c5 2. Nf3 Nc6 3. Bb5 Qb6 4. Nc3 e6 5. 0-0 Nge7 6. Re1 Nd4 7. Bc4 Ng6 8. d3 Be7 9. a4 a6 10. a5 Qc7 11. Be3 Nc6 12. d4 Nxa5 13. Bf1 cxd4 14. Bxd4 0-0 15. Na4 Nc6 16. c4 Nxd4 17. Qxd4 Bb4 18. Red1 d6 19. h4 e5 20. Qb6 Qxb6 21. Nxb6 Rb8 22. Nd5 Bc5 23. b4 Ba7 24. h5 Nf4 25. Nxf4 exf4 26. Rxd6 Bg4 27. h6 gxh6 28. Ne5 Be6 29. c5 Rfe8 30. Nd7 Bxd7 31. Rxd7 Rxe4 32. c6 Bxf2+ 33. Kxf2 bxc6 34. Rxa6 Rbxb4 35. Rxc6 f3 36. gxf3 Rb2+ 37. Kg3 Re1 38. Bc4 Rg1+ 39. Kf4 Rb4 40. Rc8+ Kg7 41. Rxf7+ Kg6 42. Rg8+ Kh5 43. Rxg1 Rxc4+ 44. Kg3 Rc3 45. Rf4 Rb3 46. Rg4 Rxf3+ 1/2-1/2

[Event "Taubate op"]
[Site "Taubate"]
[Date "2020.10.31"]
[Round "2"]
[White "De Carvalho, Amauri"]
[Black "Rodrigues, Nei Jorge"]
[Result "0-1"]
[WhiteElo "1209"]
[BlackElo "1882"]
[PlyCount "92"]
[EventDate "2020.10.31"]
[EventType "swiss"]
[EventRounds "6"]
[EventCountry "BRA"]
[SourceTitle "CBM 199 Extra"]
[Source "ChessBase"]
[SourceDate "2021.01.31"]
[SourceVersion "1"]
[SourceVersionDate "2021.01.31"]
[SourceQuality "1"]

1. d4 d5 2. e3 Bf5 3. Bd3 Bg6 4. f4 e6 5. Nf3 Nf6 6. Nbd2 Be7 7. 0-0 Ng4 8. Qe2 c5 9. c3 Nc6 10. h3 Nf6 11. Ne5 Bxd3 12. Qxd3 Rc8 13. g4 h6 14. Re1 Qb6 15. a3 a6 16. Kg2 Qc7 17. Rh1 b5 18. Rf1 0-0 19. Nef3 cxd4 20. cxd4 Ne8 21. b4 Nd6 22. Bb2 f5 23. Rac1 Qb7 24. Ne5 Nxe5 25. dxe5 Nc4 26. Bd4 a5 27. Rb1 g6 28. Nf3 axb4 29. axb4 Ra8 30. Rf2 Ra3 31. Rb3 Rfa8 32. g5 h5 33. Qd1 Rxb3 34. Qxb3 Ra3 35. Qb1 Qa6 36. Re2 Qa4 37. Bc5 Bxc5 38. bxc5 Nxe3+ 39. Kf2 Nd1+ 40. Kg3 h4+ 41. Kg2 Qxf4 42. Qxd1 Qg3+ 43. Kh1 Qxf3+ 44. Kg1 Qg3+ 45. Rg2 Qxe5 46. Rc2 Ra1 0-1

[Event "Rio de Janeiro Duchamp op 3rd"]
[Site "Rio de Janeiro"]
[Date "2019.12.07"]
[Round "1"]
[White "Rodrigues, Nei Jorge"]
[Black "Limp, Eduardo Thelio"]
[Result "0-1"]
[WhiteElo "1880"]
[BlackElo "2356"]
[PlyCount "110"]
[EventDate "2019.12.07"]
[EventType "swiss"]
[EventRounds "9"]
[EventCountry "BRA"]
[SourceTitle "CBM 193 Extra"]
[Source "ChessBase"]
[SourceDate "2020.01.31"]
[SourceVersion "1"]
[SourceVersionDate "2020.01.31"]
[SourceQuality "1"]

1. Nf3 d5 2. e3 Nf6 3. c4 e6 4. Nc3 c6 5. b3 Nbd7 6. Bb2 Bd6 7. Qc2 0-0 8. Be2 a6 9. d4 Qe7 10. 0-0 dxc4 11. bxc4 e5 12. d5 c5 13. e4 Ne8 14. Nd1 Rb8 15. a4 a5 16. Ne3 g6 17. Bd3 f6 18. h4 h5 19. Kh1 Rf7 20. Rg1 Rh7 21. g4 hxg4 22. Rxg4 Kf7 23. Rag1 Nf8 24. R4g3 Ng7 25. R3g2 Nh5 26. Rh2 Bd7 27. Qd1 b6 28. Bc1 Rb7 29. Ng4 Kg7 30. Bd2 Qe8 31. Bc2 Qc8 32. Rhg2 Be8 33. Qc1 Re7 34. Rh2 Bd7 35. Rhg2 Kh8 36. Qb1 Qc7 37. Bd1 Reg7 38. Bh6 Rg8 39. Qc1 Be7 40. Bd2 g5 41. Nfh2 Nf4 42. Bxf4 gxf4 43. Nf3 Qc8 44. Ngh2 Rxg2 45. Rxg2 Qe8 46. Qb2 Bd8 47. Qa1 Ng6 48. Bc2 Bh3 49. Rg1 Nxh4 50. Qc3 Bd7 51. Nxh4 Rxh4 52. Qf3 Qf7 53. Qg2 Qh7 54. Bd1 Rh6 55. Bc2 f3 0-1